Voyager la nuit : L’interprétation des rêves en ethnopsychiatrie (notice n° 1512450)
[ vue normale ]
| 000 -LEADER | |
|---|---|
| fixed length control field | 01648cam a2200133 4500500 |
| 005 - DATE AND TIME OF LATEST TRANSACTION | |
| control field | 20251012001319.0 |
| 041 ## - LANGUAGE CODE | |
| Language code of text/sound track or separate title | fre |
| 042 ## - AUTHENTICATION CODE | |
| Authentication code | dc |
| 100 10 - MAIN ENTRY--PERSONAL NAME | |
| Personal name | Pierre, Danièle |
| Relator term | author |
| 245 00 - TITLE STATEMENT | |
| Title | Voyager la nuit : L’interprétation des rêves en ethnopsychiatrie |
| 260 ## - PUBLICATION, DISTRIBUTION, ETC. | |
| Name of publisher, distributor, etc. | La Pensée sauvage,<br/> |
| Date of publication, distribution, etc. | 2005.<br/> |
| 520 ## - SUMMARY, ETC. | |
| Summary, etc. | Dans la tradition marocaine, le rêve est un message de l’Au-delà, ou encore un voyage dans un autre monde où l’on peut rencontrer réellement toutes sortes de personnages surnaturels. Est-il possible de respecter cette conception culturelle différente de la nôtre au cours de la thérapie ethnopsychanalytique que nous proposons à nos patients migrants ? L’auteur répond clairement par l’affirmative à cette question. A travers l’étude détaillée de cinq thérapies de patients marocains immigrés en Belgique, elle montre que les interprétations traditionnelles marocaines peuvent coexister sans dommage avec les interprétations psychanalytiques classiques : les unes et les autres semblent se féconder mutuellement. Parallèlement, Danièle Pierre poursuit une réflexion théorique sur le rêve en retournant aux textes fondateurs de la psychanalyse. Cent ans après sa parution, on redécouvre ainsi toute l’actualité de la Traumdeutung, mise à l’épreuve de la clinique ethnopsychanalytique, car c’est un concept freudien — le concept d’élaboration secondaire — qui permet de penser le rêve dans sa dimension à la fois universelle et spécifiquement culturelle. |
| 856 41 - ELECTRONIC LOCATION AND ACCESS | |
| Uniform Resource Identifier | <a href="https://shs.cairn.info/voyager-la-nuit--9782859192044?lang=fr&redirect-ssocas=7080">https://shs.cairn.info/voyager-la-nuit--9782859192044?lang=fr&redirect-ssocas=7080</a> |
Pas d'exemplaire disponible.




Réseaux sociaux